Soudobé požadavky estetiky zvuku v amatérském filmu /

Hlavní autor: Novotný, Milan R.
Jazyk: Čeština
Vydáno: Praha : Ústav pro kulturně výchovnou činnost, 1986
Vydání: 1. vyd.
Edice: Knihovnička amatérského filmu
Témata:
Fyzický popis: 34 s. : il. ; 21 cm
Knihy
Uloženo v:
LEADER 01345nam a22003972a 4500
001 000181038
003 CZ BrMZK
005 20170502153858.0
007 ta
008 950101s1986 xr f f cze d
015 |a cnb000034615 
020 |q (Brož.) 
035 |a (OCoLC)39403641 
040 |a ABA001  |b cze  |d ABA001  |d BOA001 
045 |a x-x- 
072 7 |a 791  |x Film. Cirkus. Lidová zábava  |2 Konspekt  |9 3 
080 |a 791.2.077  |2 MRF 
080 |a 7.091:681.84  |2 MRF 
080 |a (035)  |2 MRF 
100 1 |a Novotný, Milan R.  |4 aut 
245 1 0 |a Soudobé požadavky estetiky zvuku v amatérském filmu /  |c Milan R. Novotný ; grafická úprava a obálka Jiří Adámek 
250 |a 1. vyd. 
260 |a Praha :  |b Ústav pro kulturně výchovnou činnost,  |c 1986 
300 |a 34 s. :  |b il. ;  |c 21 cm 
490 1 |a Knihovnička amatérského filmu ;  |v sv. 12 
500 |a 1500 výt. 
504 |a Obsahuje bibliografii 
648 7 |a 20. století  |7 ch460558 
650 0 7 |a amatérský film  |7 ph209921  |2 czenas 
650 0 7 |a zvukové umění  |7 ph472871  |y 20. století  |2 czenas 
655 7 |a příručky  |7 fd133209  |2 czenas 
830 0 |a Knihovnička amatérského filmu 
910 |a BOA001  |b X-0922.301 
990 |a BK 
991 |b 201605 
996 6 |b 2619945335  |c X-0922.301  |l MZK  |r Sklad / do 24 hodin  |n 1  |w 000181038  |u 000010  |a 1  |e BOA001  |j MZK50  |s P